Normal view
MARC view
- Health facilities
Entry Topical Term
001 - CONTROL NUMBER
- control field: 82385
003 - CONTROL NUMBER IDENTIFIER
- control field: NUST
005 - DATE AND TIME OF LATEST TRANSACTION
- control field: 20210913105935.0
008 - FIXED-LENGTH DATA ELEMENTS
- fixed length control field: 210913|| aca||aabn | a|a d
040 ## - CATALOGING SOURCE
- Original cataloging agency: NUST
- Transcribing agency: NUST
150 ## - HEADING--TOPICAL TERM
- Topical term or geographic name entry element: Health facilities
- General subdivision: Accounting
670 ## - SOURCE DATA FOUND
- Source citation: Work cat.: (NUST)32366: Zelman, William N. 82383, Financial management of health care organizations :, c2009.
